|
|
|
|
| LEADER |
01277nam a2200301 u 4500 |
| 001 |
10024966 |
| 003 |
upatras |
| 005 |
20210117205900.0 |
| 008 |
970530s1994 ii eng |
| 020 |
|
|
|a 8170418852
|
| 040 |
|
|
|a GR-PaULI
|c GR-PaULI
|
| 041 |
0 |
|
|a eng
|
| 082 |
0 |
4 |
|a 512.2
|
| 082 |
0 |
4 |
|a 530.15
|
| 100 |
1 |
|
|a Arora, M. G.
|9 151142
|
| 245 |
1 |
0 |
|a Group theory in chemistry and physics
|c M.G Arora; edited by K. Narang
|
| 260 |
|
|
|a New Delhi
|b Anmol Publications
|c 1994
|
| 300 |
|
|
|a v, 343 p.
|b fig., tab.
|c 22 cm.
|
| 650 |
|
4 |
|a Ομάδες, Θεωρία των
|9 971
|
| 650 |
|
4 |
|9 13
|a Μαθηματική φυσική
|
| 700 |
1 |
|
|a Narang, K.
|4 edt
|9 151143
|
| 852 |
|
|
|a GR-PaULI
|b ΠΑΤΡΑ
|b ΒΚΠ
|b ΒΣ1
|k ΑΣΧΞ
|h 512.2 A
|m 21662
|p 025000069430
|t 2
|
| 852 |
|
|
|a GR-PaULI
|b ΠΑΤΡΑ
|b ΦΥΣΙΚΟ
|k ΑΣΧΞ-1
|h 530.15 ARO
|m 21661
|p 025000023752
|t 1
|
| 942 |
|
|
|2 ddc
|c BK15
|
| 952 |
|
|
|0 0
|1 0
|2 ddc
|4 0
|6 512_200000000000000_ARO
|7 0
|9 194395
|a LISP
|b LISP
|c BSC
|d 2016-04-24
|i 21662
|l 0
|o 512.2 ARO
|p 025000069430
|r 2016-04-24 00:00:00
|t 2
|w 2016-04-24
|y BK15
|
| 952 |
|
|
|0 0
|1 0
|4 0
|6 530_150000000000000_ARO
|7 0
|9 194396
|a PHYS
|b PHYS
|d 2016-04-24
|i 21661
|l 0
|o 530.15 ARO
|p 025000023752
|r 2016-04-24 00:00:00
|t 1
|w 2016-04-24
|y BK15
|
| 998 |
|
|
|c ΔΡΑΚΟΠΟΥΛΟΥ
|d 1999-09
|
| 999 |
|
|
|c 119223
|d 119223
|